High-Resolution Stratigraphic Analysis of Lorica Size of Calpionellids across the Late Tithonian–Early Berriasian Transition in the Pieniny Klippen Belt
Saved in:
| Main Author: | |
|---|---|
| Other Authors: | , |
| Format: | Book Chapter |
| Language: | English |
| Subjects: | |
| Tags: |
No Tags, Be the first to tag this record!
|
MARC
| LEADER | 00000naa$a2200000$$$4500 | ||
|---|---|---|---|
| 001 | 0315249 | ||
| 005 | 20260304094407.6 | ||
| 041 | 0 | |a eng | |
| 044 | |a PL | ||
| 245 | 1 | 0 | |a High-Resolution Stratigraphic Analysis of Lorica Size of Calpionellids across the Late Tithonian–Early Berriasian Transition in the Pieniny Klippen Belt |c Diana Ölveczká, Adam Tomašových, Marián Čvirik |
| 500 | |a Abstrakt | ||
| 610 | 2 | 0 | |a vesmír |
| 610 | 2 | 0 | |a astronómia |
| 610 | 2 | 0 | |a matematika |
| 610 | 2 | 0 | |a geografia |
| 100 | 1 | |a Ölveczká, Diana | |
| 700 | 1 | |a Tomašových, Adam | |
| 700 | 1 | |a Čvirik, Marián, 1992- | |